LEADER 01447nam a2200301 i 4500 001 000000137571 003 CaOOAMICUS 005 20050418000000.0 008 050418s2004 it u000 u ita u 013 $a111365 020 $a88-211-6823-9 040 $aSeMil$bita 100 1 $aValdés, Juan : de,$d.$0(OLS)http://semarc/name/36846 245 13$aLe cento e dieci divine considerazioni /$cJuan de Valdés ; Testo comparato, note, introduzione a cura di Teodoro Fanlo y Cortés ; Prefazione di Paolo Ricca ; Considerazione preliminare di José C. Nieto. 260 $aGenova-Milano :$bMarietti 1820,$cCopyr. 2004. 300 $a494 p., 21 cm. 500 $aContiene : Bibliografia. - Dono del Card. Dionigi Tettamanzi. 650 4$aValdés, Juan : de - Opere.$0(OLS)http://semarc/subject/15184 700 1 $aNieto, José C.$0(OLS)http://semarc/name/23756 700 1 $aRicca, Paolo,$d<1936-2024>.$0(OLS)http://semarc/name/306 700 1 $aFanlo y Cortés, Teodoro.$0(OLS)http://semarc/name/55809 850 $aSeMil 852 $aSeMil$W1$xVenegono$y1$m2K III 60$j91115$B91115$CSeMilBibl$Z2$F96747 $81 941 1 $a5 961 $aOmaggio: Tettamanzi Card. Dionigi 996 $6020$a88-211-6823-9$9(OLS)http://semarc/number/125345 996 $6245$aLe cento e dieci divine considerazioni$9(OLS)http://semarc/title/201026 996 $6260$aGenova-Milano :$bMarietti 1820$9(OLS)http://semarc/publisher/31303 LEADER 01109nam a2200265 i 4500 001 000000230475 003 CaOOAMICUS 005 20140610000000.0 008 140610s2014 it u000 u ita u 013 $a209377 020 $a978-88-311-8234-8 040 $aSeMil$bita 100 0 $aEpiphanius,$c.$0(OLS)http://semarc/name/5724 245 10$aPanarion :$beresie 61-66 /$cEpifanio di Salamina ; traduzione e note a cura di Domenico Ciarlo. 260 $aRoma :$bCittà Nuova,$c2014. 300 $a320 p. ;$c21 cm. 490 0 $aCollana di testi patristici ;$v234 700 1 $aCiarlo, Domenico,$d<1972- >.$0(OLS)http://semarc/name/42181 830 0$aCollana di testi patristici ;$v234.$0(OLS)http://semarc/title/2 850 $aSeMil 852 $aSeMil$W1$xVenegono$y1$m2UA E 234$j228101$B180821$CSeMilBibl$Z2$F191705 $81 961 $aSottoscrizione: Città Nuova (Agente) 996 $6020$a978-88-311-8234-8$9(OLS)http://semarc/number/233281 996 $6245$aPanarion :$beresie 61-66$9(OLS)http://semarc/title/329273 996 $6260$aRoma :$bCittà Nuova$9(OLS)http://semarc/publisher/29609